Logo Biblioteca

Pintores argentinos del siglo XX. (Registro nro. 777)

Detalles MARC
000 -LEADER
fixed length control field 02752aam a2200313 a 4500
003 - CONTROL NUMBER IDENTIFIER
control field AR-RoUNCS
005 - DATE AND TIME OF LATEST TRANSACTION
control field 20251118140729.0
008 - FIXED-LENGTH DATA ELEMENTS--GENERAL INFORMATION
fixed length control field 070425s1981 ag ac gr 001 0 spa
020 ## - INTERNATIONAL STANDARD BOOK NUMBER
International Standard Book Number 950-2511-01-8
Qualifying information obra completa
040 ## - CATALOGING SOURCE
Original cataloging agency AR-BaBN
Language of cataloging spa
Transcribing agency AR-RoUNCS
Description conventions aacr
080 1# - UNIVERSAL DECIMAL CLASSIFICATION NUMBER
Universal Decimal Classification number 75(82)
Edition identifier 2016
245 00 - TITLE STATEMENT
Title Pintores argentinos del siglo XX.
246 33 - VARYING FORM OF TITLE
Title proper/short title Artistas argentinos del siglo XX
260 ## - PUBLICATION, DISTRIBUTION, ETC.
Place of publication, distribution, etc. Buenos Aires :
Name of publisher, distributor, etc. Centro Editor de América Latina,
Date of publication, distribution, etc. 1980-1982.
300 ## - PHYSICAL DESCRIPTION
Extent 8 v. :
Other physical details il., retrs. ;
Dimensions 34 cm.
500 ## - GENERAL NOTE
General note Se publicó en 128 fascículos de entrega semanal para contar al cabo de su publicación con 8 volumenes completo. (Descripción del editor).
505 ## - FORMATTED CONTENTS NOTE
Formatted contents note v.1-4 (fasc. 1 a 64): pintores argentinos del siglo XX -- v. 5 (Fasc. 65 al 80): Escultores argentinos del siglo XX -- v. 6 (Fasc. 81 al 96): Grabadores argentinos del siglo XX -- v. 7 (Fasc.97 al 112): Fotógrafos argentinos del sigl XX.
505 00 - FORMATTED CONTENTS NOTE
Formatted contents note Malharro -- Silva -- Fader -- Guillermo Butler -- Quirós --Gómez Cornet --Victorica --Daneri -- Pettoruti -- Emilio Centurión --Basaldúa -- Guttero --Spilimbergo --Del Prete -- Urruchúa -- Policastro -- Domínguez Neira -- Castagnino -- Horacio Butler -- Carlos Alonso -- Berni -- Batlle Planas -- Aizenberg -- Xul Solar -- Supisiche -- Presas -- Torrallardona -- Soldi -- Seoane -- Cogorno -- Russo -- Forner -- Forte -- Gambartes -- Luis Barragán -- Brizzi -- Mac Entyre -- Kemble -- Demirjian -- Hlito -- Deira -- Vidal -- Testa -- Noé -- Seguí -- Messil -- Bonevardi -- Carpani -- Paternosto -- Macció -- Vega, de la -- Carlos Silva -- Puente -- Torroja -- Grilo -- Le Parc -- Garabito -- Benedit -- Chab -- Roux.
Miscellaneous information Pintores argentinos.
505 00 - FORMATTED CONTENTS NOTE
Formatted contents note Lola Mora -- Riganelli -- Lagos --Fioravanti -- Sibelino -- Curatella Manes -- Badii -- Paparella -- Blaszko -- Iommi -- Heredia -- Renart -- Fontana -- Distéfano.
Miscellaneous information Serie complementaria Escultores Argentinos del Siglo XX.
505 00 - FORMATTED CONTENTS NOTE
Formatted contents note Pompeyo Audivert -- Fernando López Anaya -- Carballo -- Facio Hebequer -- Rebuffo -- Seoane -- Sergi -- Rubli -- Porter -- Zelaya -- Filevich -- Berni -- Norberto Onofrio -- Cugat -- Eduardo Audivert -- Planas Casas.
Miscellaneous information Serie complementaria Grabadores Argentinos del Siglo XX.
505 00 - FORMATTED CONTENTS NOTE
Formatted contents note Di Sandro -- D'Amico --Humberto Rivas -- Coppola.
Miscellaneous information Serie complementaria Fotógrafos Argentinos del Siglo XX.
581 8# - PUBLICATIONS ABOUT DESCRIBED MATERIALS NOTE
Publications about described materials note Más libros para más : colecciones del Centro Editor de América Latina. Buenos Aires : Biblioteca Nacional, 2008.
International Standard Book Number ISBN 978-987-9350-44-7.
650 #4 - SUBJECT ADDED ENTRY--TOPICAL TERM
Topical term or geographic name entry element PINTORES
Geographic subdivision ARGENTINA
Chronological subdivision SIGLO XX
650 #4 - SUBJECT ADDED ENTRY--TOPICAL TERM
Topical term or geographic name entry element PINTURA
Chronological subdivision SIGLO XX
General subdivision ARTE
Geographic subdivision ARGENTINA
650 #4 - SUBJECT ADDED ENTRY--TOPICAL TERM
Topical term or geographic name entry element FOTOGRAFÍA
Chronological subdivision SIGLO XX
Geographic subdivision ARGENTINA
650 #4 - SUBJECT ADDED ENTRY--TOPICAL TERM
Topical term or geographic name entry element ESCULTURA
Chronological subdivision SIGLO XX
Geographic subdivision ARGENTINA
650 #4 - SUBJECT ADDED ENTRY--TOPICAL TERM
Topical term or geographic name entry element GRABADO
Chronological subdivision SIGLO XX
Geographic subdivision ARGENTINA
942 ## - ADDED ENTRY ELEMENTS (KOHA)
Source of classification or shelving scheme Universal Decimal Classification
Koha item type Libro de préstamo en Sala
Suppress in OPAC No
Existencias
Withdrawn status Lost status Source of classification or shelving scheme Damaged status Not for loan Collection Home library Current library Date acquired Source of acquisition Total checkouts Full call number Barcode Date last seen Price effective from Koha item type
    Universal Decimal Classification     Colección General Biblioteca Escuela de Ciencias Sociales Biblioteca Escuela de Ciencias Sociales 18/11/2025 Donación 2024   75(82) P659 001186 18/11/2025 18/11/2025 Libro de préstamo en Sala
Biblioteca de la Escuela Preuniversitaria en Ciencias Sociales y Humanísticas.
Riobamba 250 bis.
CP 2000 - Rosario - Santa Fe
E-Mail: biblioteca@esociales.unr.edu.ar